000 00585nam a2200169 i 4500
001 62088
003 ES-MaACL
005 20230906164614.0
007 t|
008 031117s1903 sp ||||1| spa d
100 1 _aFarreras, Pedro.
_948897
245 1 0 _aElefantiasis palpebrables desarrolladas a consecuencia de flegmasĂ­as y sobretodo de erisipelas faciales /
_cPedro Farreras.
260 _aBarcelona :
_b[s.n.],
_c1903 (
_fTip. La Academia)
300 _a16 p. ;
_c25 cm.
500 _aExtracto de los Archivos de OftamologĂ­a Hispano-Americanos.
852 _aES-MaACL
_jT-1053-F-1
999 _c62088
_d62088